000 00469nam a2200193Ia 4500
003 OSt
005 20250825123007.0
008 220917b |||||||| |||| 00| 0 eng d
037 _cTB
040 _aARTS
_cARTS
_beng
041 _2eng
_aeng
084 _aU25 K4
_qAL
100 _aMero J L
_993126
245 0 _aMineral resources of the Sea
260 _c1964
650 _aGEOGRAPHY
942 _hU25 K4
_cTB
_2CC
_n0
999 _c211564
_d211564